[Event "ch-TUR 2013"]
[Site "Antalya TUR"]
[Date "2013.02.07"]
[Round "9.58"]
[White "Patel,Y"]
[Black "Gulden,Egemen"]
[Result "1/2-1/2"]
[WhiteElo "1896"]
[BlackElo "1644"]

1.e4 c5 2.Nf3 Nc6 3.d4 cxd4 4.Nxd4 Qb6 5.Nb3 Nf6 6.Nc3 e6 7.Be2 Bb4 8.Bd3 d5
9.Bd2 Bxc3 10.Bxc3 dxe4 11.Bxf6 exd3 12.Bxg7 Rg8 13.Bc3 Rxg2 14.Qf3 Rg5 15.Qxd3 Rf5
16.Qe3 Qxe3+ 17.fxe3 Bd7 18.Rf1 Rxf1+ 19.Kxf1 e5 20.Nc5 Bh3+ 21.Kf2 b6 22.Nd3 f6  1/2-1/2

[Event "TCh-CZE Div1 Zapad 2012-13"]
[Site "Czech Republic CZE"]
[Date "2013.02.10"]
[Round "7.6"]
[White "Vaculik,M"]
[Black "Vokoun,J"]
[Result "1-0"]
[WhiteElo "2277"]
[BlackElo "2208"]

1.e4 c5 2.Nf3 Nc6 3.d4 cxd4 4.Nxd4 Qb6 5.Nb3 Nf6 6.Nc3 e6 7.Be3 Qc7 8.f4 d6
9.Be2 a6 10.a4 Be7 11.O-O O-O 12.Bf3 Rb8 13.Qe2 Na5 14.Nd2 Nd7 15.Kh1 Nb6
16.Bd4 Nc6 17.Bg1 Bd7 18.a5 Nc8 19.Nc4 Nb4 20.b3 Bc6 21.Rad1 Bd7 22.Qd2 Nc6
23.Na4 N6a7 24.Nab6 Bc6 25.Ne3 Be8 26.f5 Nc6 27.fxe6 fxe6 28.Bg4 Nd8 29.Ned5 exd5
30.Nxd5 Bg5 31.Qxg5 Nf7 32.Be6 Qxc2 33.Nf6+ Kh8 34.Nxe8 Rxe8 35.Rxf7  1-0

[Event "Novy Bor Open A 2013"]
[Site "Novy Bor CZE"]
[Date "2013.02.11"]
[Round "3"]
[White "Bores,R"]
[Black "Wasik,Joz"]
[Result "1-0"]
[WhiteElo "2163"]
[BlackElo "1828"]

1.e4 c5 2.Nf3 Nc6 3.d4 cxd4 4.Nxd4 Qb6 5.Nb3 e6 6.Nc3 Nf6 7.Be3 Qc7 8.a3 a6
9.f4 d6 10.Bd3 Be7 11.O-O b5 12.Qf3 Bb7 13.Rae1 O-O 14.Qh3 b4 15.axb4 Nxb4
16.Nd4 Nxd3 17.cxd3 Rab8 18.Kh1 Bc8 19.Bc1 Qc5 20.Nf3 e5 21.f5 Bb7 22.g4 Rfe8
23.g5 Nd7 24.f6 Nxf6 25.gxf6 Bxf6 26.Bg5 Bc8 27.Qh4 Bxg5 28.Nxg5  1-0

[Event "ch-ROU 2013"]
[Site "Baile Olanesti ROU"]
[Date "2013.02.16"]
[Round "1.18"]
[White "Florea,Do"]
[Black "Posedaru,B"]
[Result "0-1"]
[WhiteElo "1912"]
[BlackElo "2328"]

1.e4 c5 2.Nf3 Nc6 3.d4 cxd4 4.Nxd4 Qb6 5.Nb3 Nf6 6.Nc3 e6 7.Be3 Qc7 8.Be2 a6
9.O-O b5 10.a3 Be7 11.f4 d6 12.Bf3 Rb8 13.Qd3 O-O 14.Rfd1 Nd7 15.Qe2 Nb6
16.Nd4 Nc4 17.Nxc6 Qxc6 18.e5 Qc7 19.Bd4 dxe5 20.fxe5 Bc5 21.Ne4 Bxd4+ 22.Rxd4 Qxe5
23.c3 f5 24.Nd6 Qxe2 25.Bxe2 Nxb2 26.Rb4 Na4 27.c4 Bd7 28.cxb5 Nc3 29.Bd3 axb5
30.Rb3 Na4 31.Bxb5 Bxb5 32.Rxb5 Rxb5 33.Nxb5 Rb8 34.Nd4 Kf7 35.Re1 Rb6 36.Rc1 Rd6
37.Rc4 Nb2 38.Rc7+ Kf6 39.Nf3 Rd1+ 40.Kf2 Rc1 41.Ra7 Rc2+ 42.Kg3 Nc4 43.a4 Ne3
44.Ne1 Nf1+ 45.Kh3 Re2 46.Nf3 g5 47.Nxg5 Kxg5 48.Rxh7 Re3+ 49.g3 Re2  0-1

[Event "TCh-HUN 2012-13"]
[Site "Budapest HUN"]
[Date "2013.02.17"]
[Round "7"]
[White "Lorand,N"]
[Black "Szuk,B"]
[Result "1-0"]
[WhiteElo "2320"]
[BlackElo "2397"]

1.e4 c5 2.Nf3 Nc6 3.d4 cxd4 4.Nxd4 Qc7 5.Nc3 e6 6.Be3 a6 7.Qd2 Nf6 8.O-O-O Bb4
9.f3 Ne5 10.Nb3 d5 11.Bd4 O-O 12.a3 Bd6 13.exd5 exd5 14.Qf2 Be6 15.g3 Rac8
16.f4 Neg4 17.Qf3 Ne4 18.h3 Ngf6 19.f5 Bd7 20.Bd3 Nxc3 21.Bxc3 d4 22.Nxd4 Bxa3
23.Kd2 Bc5 24.Rhe1 Qb6 25.Nb3 Bb4 26.g4 Bxc3+ 27.bxc3 Qc7 28.c4 Bc6 29.Qf2 Rfd8
30.Kc1 b5 31.g5 bxc4 32.Bxc4 Ne4 33.Qe3 Qe5 34.g6 Rxd1+ 35.Rxd1 Be8 36.Rd4 Qxf5
37.Rxe4  1-0

[Event "e2e4 Brighton Masters 2013"]
[Site "Brighton ENG"]
[Date "2013.02.20"]
[Round "8"]
[White "Eggleston,D"]
[Black "Petrov,Marij"]
[Result "1/2-1/2"]
[WhiteElo "2343"]
[BlackElo "2518"]

1.e4 c5 2.Nf3 Nc6 3.d4 cxd4 4.Nxd4 Qb6 5.Nb3 Nf6 6.Nc3 e6 7.Qe2 Bb4 8.Bd2 O-O
9.a3 Be7 10.e5 Nd5 11.O-O-O d6 12.exd6 Bxd6 13.Nb5 Be5 14.c4 a6 15.cxd5 exd5
16.Be3 Qxb5 17.Qxb5 axb5 18.Bxb5 Be6 19.Rhe1 Na5 20.Nxa5 Rxa5 21.Bd3 Raa8  1/2-1/2

[Event "ch-Central Serbia 2013"]
[Site "Pozarevac SRB"]
[Date "2013.02.21"]
[Round "5.8"]
[White "Zajic,Milan"]
[Black "Garic,R"]
[Result "1-0"]
[WhiteElo "2245"]
[BlackElo "2271"]

1.e4 c5 2.Nf3 Nc6 3.d4 cxd4 4.Nxd4 Qc7 5.Nc3 e6 6.Be2 a6 7.O-O Nf6 8.Kh1 Nxd4
9.Qxd4 Bc5 10.Qd3 b5 11.f4 Bb7 12.Bf3 h5 13.e5 Ng4 14.Bxb7 Qxb7 15.Ne4 Rc8
16.a4 b4 17.c4 bxc3 18.bxc3 O-O 19.Ba3 Bxa3 20.Rxa3 Rc7 21.h3 Nh6 22.Rb1 Qc6
23.Nd6 g6 24.Rb4 Qa8 25.a5 Rc5 26.Rb6 Rc6 27.Rab3 Nf5 28.Nxf5 exf5 29.Qxd7 Rcc8
30.Rxg6+ Kh7 31.Rbb6  1-0

[Event "TCh-FIN SM 2012-13"]
[Site "Helsinki FIN"]
[Date "2013.03.09"]
[Round "13.1"]
[White "Kulaots,K"]
[Black "Kanep,M"]
[Result "1/2-1/2"]
[WhiteElo "2567"]
[BlackElo "2503"]

1.e4 c5 2.Nf3 Nc6 3.d4 cxd4 4.Nxd4 Qb6 5.Nb3 Nf6 6.Nc3 e6 7.Qe2 Bb4 8.Bd2 O-O
9.a3 Be7 10.O-O-O d5 11.e5 Ne8 12.g3 a6 13.Bf4 Qc7 14.Bg2 b5  1/2-1/2

[Event "UTD Turner GM Invitational 2013"]
[Site "Richardson USA"]
[Date "2013.03.09"]
[Round "1"]
[White "Safin,A"]
[Black "Chirila,I"]
[Result "1-0"]
[WhiteElo "2236"]
[BlackElo "2518"]

1.e4 c5 2.Nf3 Nc6 3.d4 cxd4 4.Nxd4 Qb6 5.Nb3 Nf6 6.Nc3 e6 7.Be3 Qc7 8.Qd2 Bb4
9.f3 d5 10.a3 Bxc3 11.Qxc3 e5 12.Bg5 d4 13.Qd2 a5 14.Bb5 a4 15.Nc5 Ra5 16.Bxc6+ bxc6
17.Nd3 Be6 18.Bxf6 gxf6 19.O-O Rb5 20.Qh6 Qd8 21.f4 Kd7 22.b4 axb3 23.cxb3 Bxb3
24.fxe5 Rg8 25.Rxf6 Be6 26.a4 Ra5 27.Rb1 Rg6 28.Qd2 Qc7 29.Nc5+ Ke8 30.Qxd4 Qa7
31.Rc1 Qc7 32.Qb4 Bc8 33.Rd6 Ra8 34.Qd4 Be6 35.Nd3 Qe7 36.Nf4 Qg5 37.Rf1 Rg8
38.Qc5 Bd7 39.Rxd7 Kxd7 40.Qd6+ Ke8 41.Qxc6+ Ke7 42.Qb7+  1-0

[Event "3rd HD Bank Cup 2013"]
[Site "Ho Chi Minh City VIE"]
[Date "2013.03.19"]
[Round "1.42"]
[White "Che,Q"]
[Black "Duong The Anh"]
[Result "0-1"]
[WhiteElo "1968"]
[BlackElo "2359"]

1.e4 c5 2.Nf3 Nc6 3.d4 cxd4 4.Nxd4 Qb6 5.Nb3 Nf6 6.Bd3 e6 7.O-O a6 8.Nc3 Qc7
9.a4 b6 10.f4 d6 11.f5 Be7 12.Rf3 Bb7 13.Qe2 Ne5 14.Rg3 g6 15.Be3 Nxd3 16.Qxd3 gxf5
17.exf5 e5 18.Bg5 Qc6 19.Bxf6 Bxf6 20.Rd1 Bh4 21.Rg4 h5 22.Re4 Be7 23.Nd5 Qxd5
24.Qxd5 Bxd5 25.Rxd5 Rc8 26.c3 Rg8 27.Nd2 Rc5 28.Rxc5 bxc5 29.b4 f6 30.b5 d5
31.Re1 axb5 32.axb5 c4 33.Nf3 Kd7 34.g3 Rb8 35.Rb1 Kd6 36.h4 Kc5 37.Nh2 d4
38.Kf2 dxc3 39.g4 Ra8 40.gxh5 Kd4 41.b6 c2 42.Nf3+ Kc3 43.Re1 Ba3 44.Ng1 Bc5+
45.Ke2 Kb2 46.Kd2 Bb4+  0-1

[Event "86th ch-St Petersburg"]
[Site "St Petersburg RUS"]
[Date "2013.03.21"]
[Round "11.6"]
[White "Donskov,Ana"]
[Black "Levin,Ev"]
[Result "1-0"]
[WhiteElo "2300"]
[BlackElo "2508"]

1.e4 c5 2.Nf3 Nc6 3.d4 cxd4 4.Nxd4 Qb6 5.Nb3 Nf6 6.Nc3 e6 7.Bd3 d6 8.O-O Qc7
9.f4 a6 10.a4 b6 11.Qe2 Bb7 12.Bd2 Be7 13.Rae1 Nb4 14.e5 Nxd3 15.cxd3 dxe5
16.fxe5 Nd5 17.Qg4 Nxc3 18.bxc3 Qd7 19.Nd4 Bc5 20.Qxg7 O-O-O 21.Rxf7 Qd5
22.Re4 Kb8 23.Be3 Rdg8 24.Rxb7+ Qxb7 25.Qxb7+ Kxb7 26.Nxe6 Bxe3+ 27.Rxe3 Rg4
28.d4 Rhg8 29.g3 b5 30.axb5 axb5 31.Kf2 Kc6 32.Nf4 Ra8 33.Kf3 Rgg8 34.Ke4 Ra2
35.h3 Ra3 36.d5+ Kc5 37.d6 Kc6 38.Nd5 Rf8 39.Kd4 Ra1 40.Nb4+ Kd7 41.Kd5 Rd1+
42.Nd3 Rf5 43.g4 Rf4 44.e6+ Ke8 45.Kc6 Rc4+ 46.Nc5 b4 47.cxb4 Rxb4 48.e7 Rbd4
49.Re6  1-0

[Event "ch-SRB w 2013"]
[Site "Pirot SRB"]
[Date "2013.03.23"]
[Round "1"]
[White "Chelushkina,I"]
[Black "Djukic,Sa"]
[Result "1-0"]
[WhiteElo "2281"]
[BlackElo "2125"]

1.e4 c5 2.Nf3 Nc6 3.d4 cxd4 4.Nxd4 Qc7 5.Nc3 e6 6.Be3 a6 7.f3 Nf6 8.g4 Be7
9.Qd2 O-O 10.O-O-O b5 11.g5 Ne8 12.Nxc6 dxc6 13.h4 c5 14.h5 b4 15.Nb1 c4
16.Qd4 c3 17.bxc3 bxc3 18.Qxc3 Qxc3 19.Nxc3 Ba3+ 20.Kd2 Bb4 21.Rb1 a5 22.Rb3 Nc7
23.a3 Be7 24.Na4 Rd8+ 25.Bd3 Ba6 26.Rhb1 e5 27.Nb6 Bxd3 28.cxd3 Ra6 29.Nc4 Ne6
30.Nxe5 Nxg5 31.Rb8 Ra8 32.Rxa8 Rxa8 33.Nc6 Bf6 34.f4 Ne6 35.e5 Bh4 36.f5 Nd8
37.Nxd8 Bxd8 38.Rb7 Kf8 39.Bc5+ Ke8 40.d4 Ra6 41.d5 a4 42.Kd3 Rh6 43.e6 fxe6
44.fxe6 Rxh5 45.Kc4 Rh4+ 46.Kb5  1-0

[Event "O2C Doeberl Cup Premier 2013"]
[Site "Canberra AUS"]
[Date "2013.03.30"]
[Round "6.13"]
[White "Tan,Ju2"]
[Black "Louie,Ryan"]
[Result "1-0"]
[WhiteElo "2269"]
[BlackElo "1861"]

1.e4 c5 2.Nf3 Nc6 3.d4 cxd4 4.Nxd4 Qb6 5.Nb3 e6 6.Nc3 a6 7.Qe2 Qc7 8.g3 Nf6
9.Bg2 Bb4 10.O-O O-O 11.Bd2 Rb8 12.f4 e5 13.Nd5 Nxd5 14.exd5 Bxd2 15.Qxd2 Qb6+
16.Kh1 Nd4 17.fxe5 Nxb3 18.axb3 d6 19.e6 Qd8 20.Qe3 Qe7 21.Rxf7 Rxf7 22.exf7+ Kxf7
23.Rf1+ Ke8 24.Qf2 Kd8 25.Re1 Qf6 26.Qb6+  1-0

[Event "ch-SRB w 2013"]
[Site "Pirot SRB"]
[Date "2013.03.30"]
[Round "8"]
[White "Eric,J"]
[Black "Djukic,Sa"]
[Result "0-1"]
[WhiteElo "2240"]
[BlackElo "2125"]

1.e4 c5 2.Nf3 Nc6 3.d4 cxd4 4.Nxd4 Qc7 5.Nc3 e6 6.Be3 a6 7.f3 Nf6 8.Qd2 Bb4
9.O-O-O Ne7 10.Nde2 d5 11.a3 Ba5 12.b4 Bb6 13.Bf4 e5 14.exd5 exf4 15.d6 Qc6
16.Nxf4 Nf5 17.Re1+ Be6 18.Nxe6 fxe6 19.Rxe6+ Kf7 20.Re5 Rhe8 21.Rxe8 Rxe8
22.b5 Qxd6 23.Qxd6 Nxd6 24.bxa6 bxa6 25.Bxa6 Ra8 26.Bd3 Rxa3 27.Kb2 Ra7 28.Rd1 Bc5
29.Nb5 Nxb5 30.Bxb5 Rb7 31.c4 Re7 32.Rd2 g5 33.Bc6 h6 34.g3 Bb4 35.Rc2 Re3
36.Ba8 Ba3+ 37.Ka2 Bc5 38.Bc6 Ke6 39.Rd2 Rc3 40.Bd5+ Nxd5 41.cxd5+ Kd6 42.Re2 Re3
43.Rd2 Rxf3 44.Rd1 Rf2+ 45.Kb3 Rxh2 46.Kc4 Rc2+ 47.Kd3 Rg2 48.Ke4 Rxg3 49.Rh1 Rg4+
50.Kf5 Rf4+ 51.Kg6 Rh4  0-1

[Event "82nd MGU Open 2013"]
[Site "Sofia BUL"]
[Date "2013.04.07"]
[Round "4.1"]
[White "Andreev,Do"]
[Black "Drenchev,P"]
[Result "1/2-1/2"]
[WhiteElo "2075"]
[BlackElo "2490"]

1.e4 c5 2.Nf3 Nc6 3.d4 cxd4 4.Nxd4 Qb6 5.Nb5 a6 6.Be3 Qd8 7.Nd4 Nf6 8.Nc3 e6
9.Nxc6 bxc6 10.e5 Nd5 11.Nxd5 cxd5 12.Bd3 d6 13.Bd4 Qg5 14.Qe2 dxe5 15.Bxe5 Bb4+
16.c3 Bc5 17.f4 Qh6 18.Bb5+ Bd7 19.Bxd7+ Kxd7 20.Qc2 Rhc8 21.g3 Ke7 22.Qd3 f6
23.Bd4 Qg6 24.Qxg6 hxg6 25.Bxc5+ Rxc5 26.Kd2 Rac8 27.Rhe1 Kd6 28.Re2 d4 29.Rae1 dxc3+
30.bxc3 e5 31.fxe5+ fxe5 32.Re4 R8c6 33.R1e3 Rb6 34.Rb4 Rcb5 35.Ree4 a5 36.Rxb5 Rxb5
37.Kc2 Ke6 38.a4 Rc5 39.Kd3 Kd5 40.Rg4 Rc6 41.h4 Rf6 42.Ke3 Rc6 43.Kd3 Rb6
44.Rg5 Rd6 45.Ke3 Re6 46.Kd3 Kc5 47.Rg4  1/2-1/2

[Event "TCh-CRO II Liga 2013"]
[Site "Split CRO"]
[Date "2013.04.07"]
[Round "3.3"]
[White "Maras,A"]
[Black "Popovic,I"]
[Result "1/2-1/2"]
[WhiteElo "2107"]
[BlackElo "2219"]

1.e4 c5 2.Nf3 Nc6 3.d4 cxd4 4.Nxd4 Qc7 5.Nc3 Nf6 6.Be3 e6 7.Ndb5 Qb8 8.Bg5 a6
9.Bxf6 gxf6 10.Nd4 b5 11.Nxc6 dxc6 12.Qf3 Qe5 13.O-O-O Bc5 14.Ne2 Ra7 15.Nf4 Qg5
16.h4 Qh6 17.Kb1 e5 18.Nh5 Ke7 19.g4 Rd7 20.Bh3 Qg6 21.Ng3 Rxd1+ 22.Rxd1 Rd8
23.Rxd8 Kxd8 24.Nf5 Bxf5 25.exf5 Qh6 26.Qxc6 Qxh4 27.Qxc5 Qxh3 28.Qd6+ Ke8
29.a3 Qf1+ 30.Ka2 Qc4+ 31.Kb1 Qf1+ 32.Ka2 Qc4+  1/2-1/2

[Event "Open Golden Island Krk"]
[Site "Malinska CRO"]
[Date "2013.04.09"]
[Round "5.13"]
[White "Goossens,H"]
[Black "Van Melsen,Raymond"]
[Result "1-0"]
[WhiteElo "2049"]
[BlackElo "1879"]

1.e4 c5 2.Nf3 Nc6 3.d4 cxd4 4.Nxd4 Qb6 5.Nb3 e6 6.Nc3 a6 7.Be3 Qc7 8.Bd3 Nf6
9.Qe2 Bb4 10.Bd2 Ne5 11.f4 Bxc3 12.bxc3 Nxd3+ 13.cxd3 b6 14.O-O O-O 15.Nd4 Bb7
16.f5 exf5 17.Rxf5 d6 18.Raf1 Bc8 19.Rg5 Kh8 20.Qf2 Ne8 21.Qh4 f6 22.Rg3 b5
23.Nf5 Bxf5 24.exf5 d5 25.Rh3 g5 26.fxg6 Rg8 27.Qxh7+  1-0

[Event "23rd ch-SLO 2013"]
[Site "Sentjur SLO"]
[Date "2013.04.14"]
[Round "9.27"]
[White "Krzan,Peter"]
[Black "Nikolic,Stank"]
[Result "1/2-1/2"]
[WhiteElo "1520"]
[BlackElo "1898"]

1.e4 c5 2.Nf3 Nc6 3.d4 cxd4 4.Nxd4 Qb6 5.Nb3 Nf6 6.Nc3 e6 7.Be3 Qc7 8.f3 Bb4
9.Bd3 O-O 10.O-O Bxc3 11.bxc3 d5 12.Bg5 dxe4 13.fxe4 Ne8 14.Qh5 g6 15.Qh4 e5
16.Bh6 Be6 17.Bxf8 Kxf8 18.Qxh7 Ne7 19.Qh6+ Ng7 20.Qd2 Rc8 21.h3 Kg8 22.Qg5 Nh5
23.c4 Kg7 24.Qe3 b6 25.Nd2 Rh8 26.Rf3 Nf4 27.Raf1 g5 28.g4 Neg6 29.Rg3 Qd7
30.Nb3 a5 31.c5 a4 32.Nc1 bxc5 33.c4 Qd6 34.Rf2 Qb6 35.Bf1 Rd8 36.Nd3 Rd4
37.Rb2 Qd6 38.Nf2 Bxc4 39.Bxc4 Rxc4 40.Rd2 Rc1+ 41.Kh2 Qb6 42.Nd3 Rc3 43.Qf2 Qa5
44.Rd1 Rc4 45.Re3 Qa8 46.Qe1 Nxd3 47.Rdxd3 Nf4 48.Rc3 Rb4 49.Rc2 Qb7 50.Kg3 Qb6
51.Rec3 Rb1 52.Qe3 Rh1 53.Qxc5 Rxh3+ 54.Kf2 Qf6 55.Kg1 Rh4 56.Rg3 Nh3+ 57.Kg2 Nf4+
58.Kg1 Nh3+ 59.Kg2 Nf4+ 60.Kg1 Nh3+  1/2-1/2

[Event "7th Agzamov Memorial"]
[Site "Tashkent UZB"]
[Date "2013.04.16"]
[Round "3"]
[White "Dzhumaev,M"]
[Black "Kazakov,K"]
[Result "1-0"]
[WhiteElo "2557"]
[BlackElo "2309"]

1.e4 c5 2.Nf3 Nc6 3.d4 cxd4 4.Nxd4 Qb6 5.Nb3 Nf6 6.Nc3 e6 7.Bd3 d6 8.O-O Be7
9.Kh1 a6 10.f4 O-O 11.Bd2 Qc7 12.Qf3 Re8 13.Rae1 b5 14.e5 Nd7 15.exd6 Bxd6
16.Na5 Bb7 17.Nxb7 Qxb7 18.Ne4 Be7 19.Ng5 Bxg5 20.fxg5 Nc5 21.Bxh7+ Kxh7
22.Qh5+ Kg8 23.Re3 Nd4 24.Rh3 Kf8 25.Bc3 Nf5 26.Bf6  1-0

[Event "TCh-CZE Extraliga 2012-13"]
[Site "Czech Republic CZE"]
[Date "2013.04.28"]
[Round "11.2"]
[White "Jakubowski,K"]
[Black "Fedorov,Alex"]
[Result "0-1"]
[WhiteElo "2510"]
[BlackElo "2590"]

1.e4 c5 2.Nf3 Nc6 3.d4 cxd4 4.Nxd4 Qb6 5.Nb3 Nf6 6.Nc3 e6 7.a3 d6 8.Be3 Qc7
9.f4 a6 10.g4 b5 11.g5 Nd7 12.Bg2 Nb6 13.Nd2 g6 14.f5 Ne5 15.Qe2 Bd7 16.h4 h5
17.f6 Rc8 18.O-O d5 19.exd5 Ng4 20.Bf4 Bd6 21.dxe6 Bxe6 22.Qe4 O-O 23.Bxd6 Qxd6
24.Qf4 Qc5+ 25.Kh1 Nd5 26.Nde4 Nxf4 27.Nxc5 Nxg2 28.Nxe6 fxe6 29.Kxg2 Ne3+
30.Kf3 Nxf1 31.Rxf1 Rfd8 32.Re1 Kf7 33.Re2 Rd4 34.Ne4 e5 35.Nf2 Re8 36.c3 Rxh4
37.Rd2 e4+ 38.Ke3 Re5 39.Rd7+ Ke8 40.Rg7 Rxg5 41.Re7+ Kf8 42.Nxe4 Rg1 43.Ke2 Rh2+
44.Kf3 Rf1+ 45.Kg3 Re2  0-1

[Event "Nakhchivan Open A 2013"]
[Site "Nakhchivan AZE"]
[Date "2013.04.29"]
[Round "7.14"]
[White "Abdulov,Or"]
[Black "Landa,K"]
[Result "1-0"]
[WhiteElo "2371"]
[BlackElo "2642"]

1.e4 c5 2.Nf3 Nc6 3.d4 cxd4 4.Nxd4 Qb6 5.Nb3 Nf6 6.Nc3 e6 7.a3 Be7 8.Be3 Qc7
9.f4 O-O 10.e5 Nd5 11.Nxd5 exd5 12.Bd3 d6 13.exd6 Qxd6 14.Qf3 d4 15.Bf2 Be6
16.Nd2 Bd5 17.Be4 Bxe4 18.Nxe4 Qd7 19.f5 d3 20.O-O Ne5 21.Qg3 f6 22.Rad1 Qxf5
23.cxd3 Qg4 24.Rfe1 Rfd8 25.d4 Qxg3 26.Nxg3 Ng6 27.Nf5 Rd7 28.d5 Bd6 29.Nxd6 Rxd6
30.Bg3 Rd7 31.d6 Kf7 32.Kf2 Rc8 33.Re2 Rc5 34.Rde1 Rf5+ 35.Kg1 h5 36.Re4 Rd5
37.h3 a6 38.Kf2 Rd2+ 39.R4e2 Rd5 40.Re4 b5 41.R4e2 f5 42.Kg1 Rd4 43.Rf2 Kf6
44.Ref1 Rd5 45.Rc2 Ne5 46.Rc8 Nd3 47.b4 g5 48.h4 g4 49.Rf8+ Rf7 50.Rh8 f4
51.Bxf4 Kg7 52.Bh6+ Kxh8 53.Rxf7 Rxd6 54.Bd2 Rd5 55.Rf6 Kh7 56.Rxa6 Ne5 57.Bg5 Rd1+
58.Kh2 Ng6 59.Ra5 Rd3 60.Rxb5 Rxa3 61.Bc1 Rc3 62.Rxh5+ Kg8 63.Rg5 Kh7 64.h5 Nf8
65.Bd2 Rd3 66.Be1 Re3 67.Bf2 Re4 68.b5 Ne6 69.Rd5 Kh6 70.b6 Re2 71.b7  1-0

[Event "5th Alexander The Great Open 2013"]
[Site "Porto Carras GRE"]
[Date "2013.05.11"]
[Round "6.9"]
[White "ALTaher,Tarek Ali"]
[Black "Djukic,Sa"]
[Result "0-1"]
[WhiteElo "1883"]
[BlackElo "2199"]

1.e4 c5 2.Nf3 Nc6 3.d4 cxd4 4.Nxd4 Qc7 5.Be3 e6 6.Nc3 a6 7.Be2 Nf6 8.O-O Bb4
9.Na4 Be7 10.Nxc6 bxc6 11.Nb6 Rb8 12.Nxc8 Qxc8 13.Bd4 c5 14.Be5 Rb6 15.Qd3 O-O
16.Rad1 d6 17.Bc3 Qc6 18.Bf3 e5 19.g3 Re8 20.Bg2 c4 21.Qe2 Rb5 22.Kh1 Bd8
23.Qd2 Bc7 24.Rfe1 Qc5 25.f4 Rbb8 26.Bf3 h6 27.a3 a5 28.Qe3 Qxe3 29.Rxe3 Bb6
30.Re2 Bc5 31.Bxa5 Rxb2 32.a4 Ra2 33.Bc7 Rxa4 34.Bxd6 Bd4 35.Rb1 g5 36.h3 Re6
37.Bxe5 Bxe5 38.fxe5 Rxe5 39.Rb6 Kg7 40.Rc6 Ra3 41.Kg2 Rc3 42.Kf2 h5 43.g4 h4
44.Bg2 Nd7 45.Ke1 Nc5 46.Rf2 Ne6 47.Kd2 Rxc2+ 48.Kxc2 Nd4+ 49.Kc3 Nxc6 50.Kxc4 Re8
51.Ra2 Rd8 52.Kc3 Ne5 53.Bf1 Rd1 54.Rf2 f6 55.Rf5 Ng6 56.Rf3 Ra1 57.Kc2 Re1
58.Bd3 Ne5 59.Rf2 Re3 60.Bf1 Rxe4 61.Bg2 Re3 62.Kd2 Ra3 63.Be4 Rxh3 64.Bf5 Ra3
65.Rf1 Nf3+ 66.Kc2 Nd4+ 67.Kb2 Rb3+ 68.Ka2 Rf3 69.Rxf3 Nxf3 70.Bc8 h3 71.Bb7 Ne5
72.Kb2 Nxg4 73.Kc3 h2 74.Kd2 Nf2 75.Ke2 h1=Q 76.Bxh1 Nxh1 77.Kf3 f5 78.Kg2 Kf6  0-1

[Event "VIII American Continental 2013"]
[Site "Cochabamba BOL"]
[Date "2013.05.15"]
[Round "11.14"]
[White "Martinez Bejarano,A"]
[Black "Rios,Cr"]
[Result "0-1"]
[WhiteElo "2203"]
[BlackElo "2362"]

1.e4 c5 2.Nf3 Nc6 3.d4 cxd4 4.Nxd4 Qb6 5.Nb3 Nf6 6.Nc3 e6 7.Be3 Qc7 8.a3 d6
9.f4 a6 10.g4 b5 11.g5 Nd7 12.Bg2 Nb6 13.Bxb6 Qxb6 14.Qd3 Bb7 15.O-O-O b4
16.axb4 Nxb4 17.Qd4 Qxd4 18.Rxd4 Nc6 19.Rd2 Be7 20.Re1 h6 21.h4 hxg5 22.hxg5 O-O-O
23.Kb1 e5 24.fxe5 Nxe5 25.Red1 Rh2 26.Nd4 Bxg5 27.Re2 g6 28.Rf1 Re8 29.Nf3 Nxf3
30.Rxf3 Rh7 31.Ref2 f5 32.exf5 Bxf3 33.Rxf3 gxf5 34.Rxf5 Bd8 35.Bf1 Kb7 36.Bd3 Rg7
37.Ne4 Bc7 38.Nc3 Rge7 39.Rf4 Re5 40.Rb4+ Ka7 41.Rg4 Ra5 42.Ne2 Re3 43.Rg7 Kb7
44.Rg4 Rae5 45.Rb4+ Bb6 46.Nc3 Ka7 47.Rg4 Re1+ 48.Ka2 Ra5+ 49.Na4 Rg1 50.Rf4 Rg7
51.Ka3 Be3 52.Rf5 Rxf5 53.Bxf5 Rg3 54.Bd3 Bd4 55.Kb4 Rg4 56.Kb3 a5 57.Bf5 Rg5
58.Bd7 Kb7 59.Kc4 Kc7 60.Be6 Bf6 61.Bd5 Rg4+ 62.Kb3 Rb4+ 63.Ka3 Rb5 64.Bc4 Rg5
65.Bd3 d5 66.Bb5 Rg4 67.Ka2 Rb4 68.Be8 Kd6 69.Ka3 Rc4 70.Bg6 Bd4 71.Bd3 Bc5+
72.Nxc5 Rxc5 73.Ka4 Kc6 74.Bg6 Kb6 75.Bf5 Rc4+ 76.Ka3 Kc5 77.Bd3 Rf4 78.Bg6 Rf1
79.Kb3 d4 80.Bh5 Ra1 81.Be8 Kd5 82.Bf7+ Ke4 83.c3 d3  0-1

[Event "40 Yrs Beer Sheva CC"]
[Site "Beer Sheva ISR"]
[Date "2013.05.28"]
[Round "8"]
[White "Nabaty,T"]
[Black "Alekseev,Evgeny"]
[Result "1/2-1/2"]
[WhiteElo "2579"]
[BlackElo "2700"]

1.Nf3 c5 2.e4 Nc6 3.d4 cxd4 4.Nxd4 Qb6 5.Nb3 Nf6 6.Be3 Qc7 7.Bd3 d5 8.Nc3 dxe4
9.Nxe4 Nxe4 10.Bxe4 g6 11.O-O Bg7 12.c3 O-O 13.Qf3 Bd7 14.Qg3 Be5 15.f4 Bg7
16.Rad1 Rad8 17.Qf3 Bf5 18.Bd5 Bc8 19.Rfe1 e6 20.Bxc6 Rxd1 21.Rxd1 bxc6 22.Bc5 Re8
23.Rd6 Bb7 24.Qd3 Bc8 25.Qe4 Bb7 26.Rd2 Bc8 27.Qb4 f6 28.Bd6 Qf7 29.Nc5 e5
30.fxe5 fxe5 31.Qb3  1/2-1/2

[Event "Hungarian National Open 2013"]
[Site "Zalakaros HUN"]
[Date "2013.05.30"]
[Round "9"]
[White "Takacs,B"]
[Black "Gledura,B"]
[Result "1/2-1/2"]
[WhiteElo "2334"]
[BlackElo "2421"]

1.e4 c5 2.Nf3 Nc6 3.d4 cxd4 4.Nxd4 Qb6 5.Nb5 Nf6 6.Be3 Qa5+ 7.Qd2 Qd8 8.N1c3 a6
9.Na3 b5 10.Nd5 Rb8 11.Nxf6+ gxf6 12.c3 Qc7  1/2-1/2

[Event "3rd Ortega Rating"]
[Site "Ortega COL"]
[Date "2013.06.09"]
[Round "5.2"]
[White "Rios,Al"]
[Black "Zapata,Alo"]
[Result "0-1"]
[WhiteElo "2349"]
[BlackElo "2483"]

1.e4 c5 2.Nf3 Nc6 3.d4 cxd4 4.Nxd4 Qc7 5.Nc3 e6 6.Be3 a6 7.Bd3 Nf6 8.Qe2 Bb4
9.O-O Bxc3 10.bxc3 d5 11.Nxc6 dxe4 12.Nd4 exd3 13.cxd3 O-O 14.c4 e5 15.Nb3 Bf5
16.Bg5 Nd7 17.f4 f6 18.Bh4 exf4 19.Nd4 Rfe8 20.Qd2 g5 21.Nxf5 Qc5+ 22.Bf2 Qxf5
23.d4 b5 24.c5 Qd5 25.Qd1 Rad8 26.Re1 Nb8 27.Rxe8+ Rxe8 28.Qb3 Rd8 29.Qa3 Kf7
30.Re1 Nc6 31.Kh1 g4 32.Qd3 Kg7 33.a3 h5 34.Re4 Qxc5 35.Qd2 Qxa3 36.Qxf4 Qd6
37.Qf5 Qd5 38.Qf4 Rd7 39.Be3 Qg5 40.Qf1 Qg6 41.Re6 Nxd4 42.Rxa6 Qf5 43.Qg1 Ne2
44.Qe1 Qd3 45.Re6 Kf7  0-1

[Event "17th Petr Izmailov"]
[Site "Tomsk RUS"]
[Date "2013.06.11"]
[Round "1.30"]
[White "Erdenieva,Oyuna"]
[Black "Dmitrienko,And"]
[Result "0-1"]
[WhiteElo "1806"]
[BlackElo "2208"]

1.e4 c5 2.Nf3 Nc6 3.d4 cxd4 4.Nxd4 Qb6 5.Nb3 Nf6 6.Nc3 d6 7.Be3 Qc7 8.f3 a6
9.Qd2 e6 10.O-O-O Be7 11.h4 h5 12.Be2 Ne5 13.Bf4 Bd7 14.Bxe5 dxe5 15.a3 Rc8
16.Bd3 Bxa3 17.Nb1 Be7 18.Qa5 O-O 19.N1d2 Qxa5 20.Nxa5 b5 21.Kb1 Rc7 22.c4 Rfc8
23.cxb5 axb5 24.Rc1 Rxc1+ 25.Rxc1 Rxc1+ 26.Kxc1 Nh7 27.g3 g5 28.hxg5 Nxg5
29.Kd1 Kg7 30.Ke2 f5 31.Nab3 f4 32.Kf2 fxg3+ 33.Kxg3 Nf7 34.Bf1 Nh8 35.Nb1 Ng6
36.N3d2 Nf4 37.Nc3 h4+ 38.Kh2 b4 39.Nd1 Bc5 40.b3 Bd4 41.Nc4 Bb5 42.Nde3 Bxe3
43.Nxe3 Bxf1 44.Nxf1 Kf6 45.Ne3 Nd3 46.Kh3 Kg5 47.Nf1 Ne1  0-1

[Event "ch-FIN 2013"]
[Site "Mantta FIN"]
[Date "2013.06.15"]
[Round "6.3"]
[White "Maki Uuro,Mi"]
[Black "Luukkonen,T"]
[Result "1-0"]
[WhiteElo "2336"]
[BlackElo "2267"]

1.e4 c5 2.Nf3 Nc6 3.d4 cxd4 4.Nxd4 Qb6 5.Nb3 Nf6 6.Nc3 e6 7.a3 d6 8.Bf4 Ne5
9.Be3 Qc7 10.f4 Ng6 11.g3 Bd7 12.Bg2 h5 13.Qe2 a6 14.O-O-O Rc8 15.Kb1 b5
16.Rhe1 Be7 17.Bc1 O-O 18.Nd4 Qb6 19.Bf3 Rc4 20.Be3 Qa5 21.Nb3 Qc7 22.Rd3 Rb8
23.Nd2 d5 24.exd5 exd5 25.Nxd5 Nxd5 26.Bxd5 Bf6 27.Qxh5 Nh8 28.Ne4 Bd8 29.Ng5 Bxg5
30.Qxg5 Re8 31.Red1 Be6 32.Bxc4  1-0

[Event "2nd Grand Europe Open 2013"]
[Site "Golden Sands BUL"]
[Date "2013.06.16"]
[Round "7.39"]
[White "Gochev,M"]
[Black "Kanmazalp,O"]
[Result "1/2-1/2"]
[WhiteElo "2282"]
[BlackElo "2382"]

1.e4 c5 2.Nf3 Nc6 3.d4 cxd4 4.Nxd4 Qb6 5.Nb3 Nf6 6.Nc3 e6 7.g3 Bb4 8.Bg2 Qa6
9.f4 e5 10.Bd2 O-O 11.a3 Bxc3 12.Bxc3 d6 13.Qxd6 Bg4 14.Qd3 Qb6 15.Bf3 Rad8
16.Qe2 Bxf3 17.Qxf3 exf4 18.Bxf6 gxf6 19.gxf4 Rfe8 20.Rd1 Rd4 21.Rxd4 Nxd4
22.Nxd4 Qxd4 23.e5 fxe5 24.f5 e4 25.Qg3+ Kh8 26.c3 Qf6 27.Rg1 e3 28.Qg5 Qxg5
29.Rxg5 h6 30.Rg3 Re5 31.Ke2 Rxf5 32.Kxe3 Kh7 33.c4 Rh5 34.h3 Rg5 35.Rf3 Kg6
36.Ke4 f5+ 37.Kf4 Kh5 38.Rc3 Kh4  1/2-1/2

[Event "US Juniors 2013"]
[Site "Saint Louis USA"]
[Date "2013.06.20"]
[Round "6.4"]
[White "Naroditsky,D"]
[Black "Shen,V"]
[Result "1/2-1/2"]
[WhiteElo "2494"]
[BlackElo "2411"]

1.e4 c5 2.Nf3 Nc6 3.d4 cxd4 4.Nxd4 Qc7 5.Nc3 e6 6.Be3 a6 7.Bd3 Nf6 8.O-O Nxd4
9.Bxd4 Bc5 10.Bxc5 Qxc5 11.Kh1 d6 12.Qe2 O-O 13.f4 e5 14.a4 exf4 15.Rxf4 Be6
16.Raf1 Qe5 17.Qf2 Rae8 18.Rf3 Kh8 19.Qh4 Qh5 20.Qf4 Qe5 21.Qh4 Qh5 22.Qf4 Qe5
23.Qh4  1/2-1/2

[Event "TCh-MNE Prem 2013"]
[Site "Cetinje MNE"]
[Date "2013.06.24"]
[Round "1.3"]
[White "Draskovic,L"]
[Black "Djukic,Ni"]
[Result "1/2-1/2"]
[WhiteElo "2293"]
[BlackElo "2539"]

1.e4 c5 2.Nf3 Nc6 3.d4 cxd4 4.Nxd4 Qc7 5.Nc3 e6 6.Be3 a6 7.Qd2 Nf6 8.O-O-O Bb4
9.f3 Ne5 10.g4 h6 11.h4 b5 12.Be2 Bxc3 13.Qxc3 Qxc3 14.bxc3 Nc4 15.Bxc4 bxc4
16.g5 Ng8 17.gxh6 Nxh6 18.Ne2 d5 19.Bxh6 Rxh6 20.exd5 exd5 21.Rxd5 Bb7 22.Re5+ Re6
23.Rxe6+ fxe6 24.Nd4 Kf7 25.Re1 Bd5 26.Re5 g6 27.h5 gxh5 28.Rxh5 Kg6 29.Re5 Kf6
30.f4 Rh8 31.Re1 Rh3 32.Kb2 Rg3 33.Rf1 Rh3 34.Rg1 Rh4 35.Rf1 Rh3 36.Rf2 Be4
37.Ka3 Rxc3+ 38.Kb4 Rh3 39.Kxc4 Ra3 40.c3 Bd5+ 41.Kb4 Rxa2 42.Rxa2 Bxa2  1/2-1/2